000 01106nmm a2200313 a 4500
001 ocm0001865058
003 TR-IsHL
005 20201028172440.0
008 180609s2003 tu tur
007 cr cn
020 _a9786055642488
035 _a1865058
_b(N$T)
050 0 4 _aRC265.5
_b.K37 2003
090 0 4 _aRC265.5
_b.K37 2003
100 1 _aKarvar, Orhan
245 1 0 _aYakalanın-ca gölgen bile güzel olur: yaşanmış gerçek öyküler 2
_h[electronic resource] /
_cOrhan Karvar ; editör Sibel Küçüktopuzlu, Bora Bengisu
260 _aİstanbul :
_bBilge Karınca,
_c2003
300 _a296 p.
650 4 _aTıp
650 4 _aMedicine
650 0 _aKanser
_x Hastalar
_x Türkiye
_x Biyografi
650 0 _aCancer
_x Patients
_x Turkey
_x Biography
650 0 _aKanser hastaları
_x Anılar
650 0 _aCancer patients
_x Memories
650 7 _aHEALTH & FITNESS / Diseases / Cancer
_2bisacsh
700 1 _aKüçüktopuzlu, Sibel
700 1 _aBengisu, Bora
856 4 0 _uhttp://search.ebscohost.com/login.aspx?direct=true&scope=site&db=e011xww&AN=1865058
999 _c17205
_d17205